Rejestracje woj. mazowieckiego - Statystyki

Ogólne statystyki
  • Ten quiz został rozwiązany 315 razy
  • Średni wynik to 7 z 15
Statystyki odpowiedzi
REJESTRACJA POWIAT % Poprawnych
WR Radom
73%
WP Płock
68%
WCI ciechanowski
62%
WPR pruszkowski
58%
WS Siedlce
55%
WOS ostrołęcki
49%
WWL wołomiński
49%
WPU pułtuski
39%
WL legionowski
36%
WSC sochaczewski
36%
WB Warszawa Bemowo
29%
WPZ przasnyski
28%
WZU żuromiński
28%
WI Warszawa Śródmieście
26%
WBR białobrzeski
22%
Nie znaleziono quizów pasujących do podanych kryteriów
Rozkład punktacji
Procent ludzi z każdym wynikiem
Percentyl według liczby udzielonych odpowiedzi
Twoja historia wyników
Nie rozwiązałeś tego quizu